Modern Management: Logistics and Education Monograph

Guardado en:
Detalles Bibliográficos
Autor Corporativo: <The> Academy of Management and Administration in Opole
Otros Autores: Piałucha, Marek, Nestorenko, Olexandr, Bernátová, Renáta, Sobolak, Lidia, Vlasenko, Kateryna
Formato: Libro
Lenguaje:inglés
polaco
ucraniano
Publicado: Opole Wyższa szkoła zarządzania i administracji w Opolu 2018
Edición:1. Edition
Materias:
Etiquetas: Agregar Etiqueta
Sin Etiquetas, Sea el primero en etiquetar este registro!

MARC

LEADER 00000nlm a2200000 4500
001 0248645
005 20240827072521.8
020 |a 978-83-946765-0-6 
041 0 |a eng 
041 0 |a pol 
041 0 |a ukr 
044 |a PL 
245 1 0 |a Modern Management: Logistics and Education  |b Monograph  |c Edited by: Marek Piałucha, Olexandr Nestorenko ; Reviewers: Renáta Bernátová, Lidia Sobolak, Kateryna Vlasenko 
250 |a 1. Edition 
264 1 |a Opole  |b Wyższa szkoła zarządzania i administracji w Opolu  |c 2018 
300 |a online 196 s. 
610 2 0 |a vzdelávanie 
610 2 0 |a politika vzdelávania 
610 2 0 |a riadenie 
610 2 0 |a pedagogika 
610 2 0 |a veda 
610 2 0 |a školy vysoké 
610 2 0 |a globalizácia 
610 2 0 |a učitelia 
610 2 0 |a rodina 
610 2 0 |a spoločnosť 
610 2 0 |a šport 
610 2 0 |a kultúra 
610 2 0 |a revolúcia priemyselná 
610 2 0 |a logistika 
610 2 0 |a doprava 
610 2 0 |a turistika 
610 2 0 |a Ukrajina 
610 2 0 |a Poľsko 
700 1 |a Piałucha, Marek 
700 1 |a Nestorenko, Olexandr 
700 1 |a Bernátová, Renáta 
700 1 |a Sobolak, Lidia 
700 1 |a Vlasenko, Kateryna 
710 2 |a <The> Academy of Management and Administration in Opole